00770nam a2200253 a 4500001001300000003000900013005001700022008004100039020001200080082001600092100002000108245006100128260004800189300000900237500003500246505001000281650003300291650002300324700002000347902000800367942000700375952011700382999001700499nice12345678IN_TiNIC20260116013358.0050524s1997 cama grp 000 0 eng  ac465.500a302.23bWOL aWolfsfeld, Gadi aMedia and Political Conflictb News from the Middle East aCambridgebCambridge University Pressc1997 a255p aincludes index and biblioraphy2 aIndex aMass Media-Political Aspects aPress and Politics1 aWolfsfeld, Gadi bSRS cBK 001040708StackRoom-aHMIbHMId2011-03-15g465.50l0o302.23 WOLp019312r2011-03-15v465.50w2005-05-24yBK c10773d10773